<?xml version="1.0" encoding="UTF-8"?>
<record
    xmlns:xsi="http://www.w3.org/2001/XMLSchema-instance"
    xsi:schemaLocation="http://www.loc.gov/MARC21/slim http://www.loc.gov/standards/marcxml/schema/MARC21slim.xsd"
    xmlns="http://www.loc.gov/MARC21/slim">

  <leader>02582nam a2200325 a 4500</leader>
  <controlfield tag="001">ASIN0415660688</controlfield>
  <controlfield tag="005">20170105102930.0</controlfield>
  <controlfield tag="008">140115s2013    xxu                 eng d</controlfield>
  <datafield tag="020" ind1=" " ind2=" ">
    <subfield code="a">0415660688 (hardcover)</subfield>
    <subfield code="c">$135.00</subfield>
  </datafield>
  <datafield tag="020" ind1=" " ind2=" ">
    <subfield code="a">9780415660686 (hardcover)</subfield>
  </datafield>
  <datafield tag="040" ind1=" " ind2=" ">
    <subfield code="a">0</subfield>
  </datafield>
  <datafield tag="050" ind1="0" ind2="4">
    <subfield code="a">HD9539.U7</subfield>
  </datafield>
  <datafield tag="082" ind1="0" ind2="4">
    <subfield code="a">363.3255</subfield>
    <subfield code="b">NUC 2013</subfield>
  </datafield>
  <datafield tag="245" ind1="0" ind2="0">
    <subfield code="a">Nuclear terrorism and global security :</subfield>
    <subfield code="b">the challenge of phasing out highly enriched uranium /</subfield>
    <subfield code="c">Alan J. Kuperman.</subfield>
  </datafield>
  <datafield tag="250" ind1=" " ind2=" ">
    <subfield code="a">0th ed.</subfield>
  </datafield>
  <datafield tag="260" ind1=" " ind2=" ">
    <subfield code="a">[S.l.] :</subfield>
    <subfield code="b">Routledge,</subfield>
    <subfield code="c">2013.</subfield>
  </datafield>
  <datafield tag="300" ind1=" " ind2=" ">
    <subfield code="a">256 p. ;</subfield>
    <subfield code="c">24 cm.</subfield>
  </datafield>
  <datafield tag="490" ind1="1" ind2=" ">
    <subfield code="a">Routledge global security studies.</subfield>
  </datafield>
  <datafield tag="520" ind1=" " ind2=" ">
    <subfield code="a">This book examines the prospects and challenges of a global phase-out of highly enriched uranium&#x2014;and the risks of this material otherwise being used by terrorists to make atom bombs. Terrorist groups, such as Al Qaeda, have demonstrated repeatedly that they seek to acquire nuclear weapons. Unbeknownst even to many security specialists, tons of bomb-grade uranium are trafficked legally each year for ostensibly peaceful purposes. If terrorists obtained even a tiny fraction of this bomb-grade uranium they could potentially construct a nuclear weapon like the one dropped on Hiroshima that killed tens of thousands. Nuclear experts and policymakers have long known of this danger but &#x2013; so far &#x2013; have taken only marginal steps to address it. This volume begins by highlighting the lessons of past successes where bomb-grade uranium commerce has been eliminated, such as from Argentina&#x2019;s manufacture of medical isotopes. It then explores the major challenges that still lie ahead: for example, Russia&#x2019;s continued use of highly enriched uranium (HEU) in dozens of nuclear facilities. Each of the book&#x2019;s thirteen case studies offers advice for reducing HEU in a specific sector. These insights are then amalgamated into nine concrete policy recommendations for U.S. and world leaders to promote a global phase-out of bomb-grade uranium. This book will be of much interest to students of nuclear proliferation, global governance, international relations and security studies.</subfield>
  </datafield>
  <datafield tag="650" ind1=" " ind2="0">
    <subfield code="a">Nuclear terrorism</subfield>
  </datafield>
  <datafield tag="650" ind1=" " ind2="0">
    <subfield code="a">Nuclear terrorism--Prevention</subfield>
  </datafield>
  <datafield tag="650" ind1=" " ind2="0">
    <subfield code="a">Security, International</subfield>
  </datafield>
  <datafield tag="650" ind1=" " ind2="0">
    <subfield code="a">Terrorism--Prevention</subfield>
  </datafield>
  <datafield tag="650" ind1=" " ind2="0">
    <subfield code="a">Uranium enrichment--Government policy</subfield>
  </datafield>
  <datafield tag="650" ind1=" " ind2="0">
    <subfield code="a">Uranium industry--Security measures</subfield>
  </datafield>
  <datafield tag="700" ind1="1" ind2=" ">
    <subfield code="a">Kuperman, Alan J.</subfield>
  </datafield>
  <datafield tag="830" ind1=" " ind2="0">
    <subfield code="a">Routledge global security studies.</subfield>
  </datafield>
  <datafield tag="856" ind1="4" ind2="0">
    <subfield code="3">Amazon.com</subfield>
    <subfield code="u">http://www.amazon.com/exec/obidos/ASIN/0415660688/chopaconline-20</subfield>
  </datafield>
  <datafield tag="942" ind1=" " ind2=" ">
    <subfield code="2">ddc</subfield>
    <subfield code="c">BK</subfield>
  </datafield>
  <datafield tag="999" ind1=" " ind2=" ">
    <subfield code="c">16019</subfield>
    <subfield code="d">16019</subfield>
  </datafield>
  <datafield tag="952" ind1=" " ind2=" ">
    <subfield code="0">0</subfield>
    <subfield code="1">0</subfield>
    <subfield code="4">0</subfield>
    <subfield code="7">0</subfield>
    <subfield code="8">NFIC</subfield>
    <subfield code="a">CIPS</subfield>
    <subfield code="b">CIPS</subfield>
    <subfield code="c">GEN</subfield>
    <subfield code="d">2013-11-21</subfield>
    <subfield code="l">0</subfield>
    <subfield code="o">363.3255 NUC 2013</subfield>
    <subfield code="p">CIPS0002499</subfield>
    <subfield code="r">2014-01-15</subfield>
    <subfield code="w">2014-01-15</subfield>
    <subfield code="y">BK</subfield>
  </datafield>
</record>
